Statistiques concernant Culture Générale - Série 1939

Cliquez ici pour prendre le quiz!

Statistiques générales

  • Ce quiz a été pris 36 fois
  • Le résultat moyen est 4 sur 10

Statistiques - réponses

QuestionRéponse% Correct
Quelle est la capitale de la Géorgie, ancienne république soviétique ?Tbilissi
71%
Qui a écrit la tragédie Cinna (ou la Clémence d'Auguste) en 1641 ?Pierre Corneille
56%
En Italie, quelle est la "capitale" de la Ligurie ?Gênes
44%
Sur quel type de bateau peut-on trouver un "tourmentin" ?voilier
38%
Quel poisson marin vivant sur les fonds sablonneux possède une épine dorsale venimeuse ? voir photovive
32%
Dans quel département français se trouve la commune de Belley ?Ain
29%
Quel verbe du 1er groupe commençant par "g" signifie "Soumettre quelqu'un, un groupe, un pays à des charges excessives" ?grever
26%
En quelle année le « canal royal de Languedoc » fut-il baptisé "canal du midi" ?1789
24%
Quel animal appelle-t-on caret ou caouanne ?tortue
21%
Faire venir le navire plus près du vent en se servant du gouvernaillofer
15%

Distribution des résultats

Percentile par nombre de réponses

% des personnes avec chaque résultat

Votre développement - résultats

Vous n’avez pas pris ce quiz